000 00805nam a2200217 a 4500
001 64104
003 BD-RjUL
005 20211209081254.0
008 170208s1960 bg ||||| |||| 00| f ben d
035 _a(BD-RjUL)64234
040 _aBD-RjUL
_bben
_cBD-RjUL
_dBD-RjUL
041 _aben
082 _223
_a891.443
_bGAS 1960
100 _aগঙ্গোপাধ্যায়, তারকনাথ
_9175587
245 1 0 _aস্বর্ণলতা /
_cতারকনাথ গঙ্গোপাধ্যায়
260 _aঢাকা :
_bপ্রেসিডেন্সী লাইব্রেরী,
_c১৯৬০
300 _a২৫৯ পৃ. ;
_c১৭ সেমি.
650 _aবাংলা উপন্যাস
_9170454
650 _aBengali Fiction
_9170455
942 _2ddc
_cBK
999 _c64104
_d64104